INDIAN BAR REVIEW ,VOL-47 [2. 8. 3] 2020 (Record no. 8345)

MARC details
000 -LEADER
fixed length control field 00466nam a22001697a 4500
005 - DATE AND TIME OF LATEST TRANSACTION
control field 20230727120532.0
008 - FIXED-LENGTH DATA ELEMENTS--GENERAL INFORMATION
fixed length control field 230727b |||||||| |||| 00| 0 eng d
020 ## - INTERNATIONAL STANDARD BOOK NUMBER
ISBN 978-81-931981-0-0
041 ## - LANGUAGE CODE
Language code of text/sound track or separate title eng
082 ## - DEWEY DECIMAL CLASSIFICATION NUMBER
Classification number 345.400 5
100 ## - MAIN ENTRY--AUTHOR NAME
Personal name DHAL. DEBI PRASAD AND REDDY, A.RAMI
245 ## - TITLE STATEMENT
Title INDIAN BAR REVIEW ,VOL-47 [2. 8. 3] 2020
250 ## - EDITION STATEMENT
Edition statement VOL-47[2.8.3]
260 ## - PUBLICATION, DISTRIBUTION, ETC. (IMPRINT)
Place of publication NEW DELHI
Name of publisher BAR COUNCIL OF INDIA TRUST
Year of publication 2020
650 ## - SUBJECT ADDED ENTRY--TOPICAL TERM
Topical Term LAW
942 ## - ADDED ENTRY ELEMENTS (KOHA)
Koha item type Books
Holdings
Lost status Damaged status Collection code Home library Current library Shelving location Date acquired Source of acquisition Cost, normal purchase price Full call number Accession Number Koha item type
    LAW JRU Library JRU Library SHELF-33-E 27/07/2023 PURCHASE 16200.00 345.400 5 27733 Books
    LAW JRU Library JRU Library SHELF-33-E 27/07/2023 PURCHASE 16200.00 345.400 5 27734 Books
    LAW JRU Library JRU Library SHELF-33-E 27/07/2023 PURCHASE 16200.00 345.400 5 27735 Books
    LAW JRU Library JRU Library SHELF-33-E 27/07/2023 PURCHASE 16200.00 345.400 5 27736 Books
    LAW JRU Library JRU Library SHELF-33-E 27/07/2023 PURCHASE 16200.00 345.400 5 27737 Books
    LAW JRU Library JRU Library SHELF-33-E 27/07/2023 PURCHASE 16200.00 345.400 5 27738 Books
    LAW JRU Library JRU Library SHELF-33-E 27/07/2023 PURCHASE 16200.00 345.400 5 27739 Books
    LAW JRU Library JRU Library SHELF-33-E 27/07/2023 PURCHASE 16200.00 345.400 5 27740 Books
    LAW JRU Library JRU Library SHELF-33-E 27/07/2023 PURCHASE 16200.00 345.400 5 27741 Books
    LAW JRU Library JRU Library SHELF-33-E 27/07/2023 PURCHASE 16200.00 345.400 5 27742 Books